Every single NASCAR tracks - Statistics

General Stats
  • This quiz has been taken 36 times
    18 since last reset
  • The average score is 19 of 51
Answer Stats
State Years held Answer % Correct
Georgia 1960- Atlanta Motor Speedway
93%
Florida 1959- Daytona International Speedway
86%
Alabama 1969- Talladega Superspeedway
79%
Texas 2005- Texas Motor Speedway
79%
California 1997-2023 Auto Club Speedway
71%
Tennessee 1961- Bristol Motor Speedway
71%
North Carolina 1960-, 2018- Charlotte Motor Speedway
71%
Illinois 2001-2019, 2026- Chicagoland Speedway
71%
Texas 2021- Circuit of the Americas
64%
Florida 1999- Homestead-Miami Speedway
64%
Virginia 1950- Martinsville Speedway
64%
California 1989-2019, 2021- Sonoma Raceway
64%
South Carolina 1950- Darlington Raceway
57%
Kentucky 2011-2020 Kentucky Speedway
57%
Nevada 1998- Las Vegas Motor Speedway
57%
Tennessee 2021- Nashville Superspeedway
57%
New Hampshire 1993- New Hampshire Motor Speedway
57%
Arizona 2005- Phoenix Raceway
57%
New York 1957, 1964-1965, 1986-2019, 2021- Watkins Glen International
57%
Mexico City 2025 Autódromo Hermanos Rodríguez
50%
Kansas 2001- Kansas Speedway
50%
North Carolina 1949-1055, 1957-1996, 2023- North Wilkesboro Speedway
50%
Pennsylvania 1971- Pocono Raceway
50%
North Carolina 1966-2004 Rockingham Speedway
50%
Illinois 2022- World Wide Technology Raceway
50%
Iowa 2024- Iowa Speedway
43%
Virginia 1958- Richmond Raceway
43%
Michigan 1969-1972, 1974- Michigan International Speedway
36%
North Carolina 1958-1971, 2025- Bowman Gray Stadium
29%
Illinois 2023-2025 Chicago Street Circuit
29%
Delaware 1969- Dover Motor Speedway
29%
Connecticut 1993-2010 Lime Rock Park
29%
California 2026- Coronado Street Course
21%
Indiana 2021-2023 Indianapolis Motor Speedway (Road Course)
21%
California 2022–2024 Los Angeles Memorial Coliseum
21%
Florida 2020-2021 Daytona International Speedway (Road Course)
14%
Tennessee 1958–1984 Nashville Fairgrounds Speedway
14%
Texas 1969,1971-1973, 1979-1981 Texas World Speedway
14%
South Carolina 1958–1965 Myrtle Beach Speedway
7%
Oregon 1956–1957 Portland Speedway
7%
New Jersey 1958-1959, 1967-1972 Trenton Speedway
7%
North Carolina 1969-1971 Hickory Motor Speedway
0%
Indiana 1994-2020, 2024- Indanapolis Motor Speedway
0%
Virginia 1968-1970 Langley Speedway
0%
Indiana 1982-2011 Lucas Oil Indanapolis Raceway Park
0%
California 1960-1961 Marchbanks Speedway
0%
North Carolina 1962-1971 New Asheville Speedway
0%
West Virginia 1963-1964, 1970-1971 Ona Speedway
0%
California 1971-1972, 1974-1980 Ontario Motor Speedway
0%
Maine 1966–1968 Oxford Plains Speedway
0%
North Carolina 1953-1958 Raliegh Speedway
0%
No matching quizzes found
Score Distribution
Percent of People with Each Score
Percentile by Number Answered
Your Score History
You have not taken this quiz since the last reset